| 000 | 00582nam a2200121Ia 4500 | ||
|---|---|---|---|
| 008 | 171212s9999 xx 000 0 und d | ||
| 020 | _a9780833047786 | ||
| 245 |
_ceditor McCombs, Jennifer Sloan;Kirby, Sheila Nataraj;Mariano, Louis T. _aEnding Social Promotion Without Leaving Children Behind _bThe Case of New York City |
||
| 260 |
_bRAND Corporation _c2009 |
||
| 650 | _aEducation | ||
| 650 | _aPromotion (School) -- New York (State) -- New York -- Case Studies; Grade repetition -- New York (State) -- New York -- Case Studies | ||
| 856 | _uwww.jstor.org/stable/10.7249/mg894nycdoe | ||
| 999 |
_c352004 _d352004 |
||